000
00323nam a22001457a 4500
003
SGT
020
_a
9789351434900
082
_a
345.095 4,GAU
100
_a
GAUR,K.D.
245
_a
CRIM,INAL LAW CASES & MATERIALS
260
_a
GURGAON
_b
LEXIS NEXIS
_c
2015
300
_a
1056
650
_a
CRIM,INAL LAW
942
_2
ddc
_c
BK
999
_c
11013
_d
11013